[Event "Schleswig Holstein-ch U18 VM"]
[Site "Neumuenster"]
[Date "2005.03.23"]
[Round "8"]
[White "Leuschner, Sebastian"]
[Black "Rempe, Tobias"]
[Result "0-1"]
[WhiteElo "1159"]
[BlackElo "1302"]
[PlyCount "48"]
[EventDate "2005.03.19"]
[EventType "swiss"]
[EventRounds "9"]
[EventCountry "GER"]
[SourceTitle "EXT 2007"]
[Source "ChessBase"]
[SourceDate "2006.11.23"]
[SourceVersion "1"]
[SourceVersionDate "2006.11.23"]
[SourceQuality "1"]

1. f4 g6 2. e4 Bg7 3. Nf3 d6 4. h3 Nf6 5. Nc3 0-0 6. Bc4 e6 7. d4 a6 8. a4 d5 9. Bd3 dxe4 10. Nxe4 Nxe4 11. Bxe4 Nd7 12. c3 Nf6 13. Bc2 Bd7 14. 0-0 Bc6 15. Qe1 Qd5 16. Qh4 b5 17. axb5 axb5 18. Rxa8 Rxa8 19. Qg5 Nh5 20. Qxd5 Bxd5 21. Kh2 Ra1 22. Bd3 Bxf3 23. gxf3 Bh6 24. Bxb5 Rxc1 0-1

[Event "Schleswig Holstein-ch U18 VM"]
[Site "Neumuenster"]
[Date "2005.03.20"]
[Round "3"]
[White "Sochart, Tim"]
[Black "Leuschner, Sebastian"]
[Result "1/2-1/2"]
[WhiteElo "793"]
[BlackElo "1159"]
[PlyCount "88"]
[EventDate "2005.03.19"]
[EventType "swiss"]
[EventRounds "9"]
[EventCountry "GER"]
[SourceTitle "EXT 2007"]
[Source "ChessBase"]
[SourceDate "2006.11.23"]
[SourceVersion "1"]
[SourceVersionDate "2006.11.23"]
[SourceQuality "1"]

1. e4 e5 2. Nf3 Nc6 3. d4 exd4 4. Nxd4 Bc5 5. Nxc6 bxc6 6. Nc3 d6 7. Bc4 Nf6 8. Qe2 0-0 9. Be3 Bb4 10. Bd4 Re8 11. f3 d5 12. Bd3 Bf5 13. 0-0 Bxc3 14. Bxc3 dxe4 15. fxe4 Bxe4 16. Bxe4 Nxe4 17. Qc4 Qd5 18. Qxd5 cxd5 19. Rad1 Nxc3 20. bxc3 c6 21. Rf4 g6 22. c4 Re4 23. Rxe4 dxe4 24. Re1 f5 25. g3 Rd8 26. Rb1 Rd2 27. Rb7 Rxc2 28. Rxa7 g5 29. Re7 Rxc4 30. Kf2 Rc3 31. a4 Ra3 32. Re5 Rxa4 33. Rxf5 h6 34. Rf6 Kg7 35. Rxc6 h5 36. Ke3 Kf7 37. Rd6 Ra2 38. Kxe4 Rxh2 39. Kf5 h4 40. gxh4 gxh4 41. Kg4 Kg7 42. Rc6 Rh1 43. Rd6 Kh7 44. Rc6 Rh2 1/2-1/2